| 000 | 00368nam a2200145Ia 4500 | ||
|---|---|---|---|
| 008 | 240624s9999 xx 000 0 und d | ||
| 041 | _aeng | ||
| 082 | _a658.5 CHA | ||
| 100 | _aCHANG RICHARD Y | ||
| 245 | _aCONTINUOUS IMPROVEMENT TOOLS I | ||
| 260 |
_c1998 _aNew Delhi _bWheeler Publishing |
||
| 300 | _avii, : 97 : p. : cm. ; 23 | ||
| 365 |
_cRS _b30 |
||
| 440 | _v1 | ||
| 999 |
_c13676 _d13676 |
||